000 01546nam2a2200337 4500
001 rc\2882808
005 20260315052345.0
035 _a(NLR Aleph) 007035564
090 _a13585425
_c13585425
100 _a20110720d1932 u y0rusy50 ca
101 0 _arus
102 _aRU
105 _aa z |||||
200 0 _aВып. 2
210 _d1932
215 _a148 с.
_cил.
300 _aНа обороте тит. л.: "Составили: М.И. Миронова, О.Е. Коротаева, А.К. Просецкая, М.Я. Стоморева, О.И. Лимонова, С.А. Щербаков, Н.Я. Сикачев и М.Д. Осипцев"
461 0 _1001rc\2882807
_12000#$aКолхоз и трактор$eРабочая книга для сельских школ ЦЧО$e1-й год обуч. ...$vВып. 2
_96046338
_cВоронеж
_d1932
_e2-е изд.
_nизд-во и тип. кн-ва "Коммуна"
_oРабочая книга для сельских школ ЦЧО : 1-й год обуч. ...
_tКолхоз и трактор
_vВып. 2
702 1 _aМиронова
_bМ.Н.
_4220
702 1 _aКоротаева
_bО.Е.
_4220
702 1 _aПросецкая
_bА.К.
_4220
702 1 _aСтоморева
_bМ.Я.
_4220
702 1 _aЛимонова
_bО.И.
_4220
702 1 _aЩербаков
_bС.А.
_4220
702 1 _aСикачев
_bН.Я.
_4220
702 1 _aОсипцев
_bМ.Д.
_4220
801 0 _aRU
_bNLR
_gpsbo
801 1 _aRU
_bELAR
_2rusmarc
852 _aNLR
_j32-17/349(2)
942 _cUNSPEC
980 _aNB